Personal construct psychology and education /

Bibliographic Details
Main Author: Pope, Maureen L.
Other Authors: Keen, Terence R.
Format: Book
Language:English
Published: London ; New York : Academic Press, 1981.
Series:Educational psychology.
Subjects:

MARC

Tag First Indicator Second Indicator Subfields
LEADER 00000cam a2200000 a 4500
001 in00000069302
005 20151214140850.0
008 820505s1981 enka b 00110 eng
010 |a  81066376  
015 |a GB*** 
020 |a 0125615205 
035 |a (OCoLC)08474315 
035 |9 AAH7071AM 
039 0 |a 2  |b 3  |c 3  |d 3  |e 3 
040 |a DLC  |c DLC  |d TXA  |d UtOrBLW 
049 |a TXAM  |c [388494] 
050 0 0 |a LB1051  |b  P567 
082 0 |a 370.15  |2 19 
100 1 |a Pope, Maureen L. 
245 1 0 |a Personal construct psychology and education /  |c Maureen L. Pope, Terence R. Keen. 
264 1 |a London ;  |a New York :  |b Academic Press,  |c 1981. 
300 |a xii, 185 pages :  |b illustrations ;  |c 24 cm. 
336 |a text  |b txt  |2 rdacontent 
337 |a unmediated  |b n  |2 rdamedia 
338 |a volume  |b nc  |2 rdacarrier 
490 1 |a Educational psychology 
500 |a Includes indexes. 
504 |a Bibliography: pages 168-178. 
650 0 |a Educational psychology. 
650 0 |a Education  |x Research. 
700 1 |a Keen, Terence R. 
830 0 |a Educational psychology. 
999 |a MARS 
999 f f |s 42129fe4-5362-37b2-b7cd-ba8f6386ae7e  |i ccb88efb-0ea6-3dd9-a01a-9f068ae2c539  |t 0 
952 f f |p normal  |a Texas A&M University  |b College Station  |c Sterling C. Evans Library  |d Evans: Library Stacks  |t 0  |e LB1051 P567  |h Library of Congress classification  |i unmediated -- volume  |m A14805948828 
998 f f |a LB1051 P567  |t 0  |l Evans: Library Stacks